| 000 | 00991nas a2200265 i 4500 | ||
|---|---|---|---|
| 001 | 677 | ||
| 003 | ES-MaACL | ||
| 005 | 20250812062549.0 | ||
| 008 | 950801d19131961sp m| | 1 ||pa d | ||
| 022 | _a2484-2869 | ||
| 080 | _a379.824 | ||
| 245 | 0 | 0 |
_aColeccionismo : _brevista mensual de los coleccionistas. |
| 260 |
_aMadrid : _b[s.n.], _c1913-1961. |
||
| 300 |
_a4 v. : _bil. ; _c27 cm. |
||
| 310 |
_aIrregular, _b1943-1961 |
||
| 321 |
_aMensual, _b1913-1923 |
||
| 321 |
_aTrimestral, _b1924-1926 |
||
| 362 | 0 | _aAño 1, n. 1 (en. 1913)- ; 2. época, año 19, n. 195 (marzo 1943)-año 20, n. 197 (marzo 1944); 3. época, año 32 (sic), n. 198 (en. 1945)-año 48, n. 232/233 (oct./nov. 1961) | |
| 500 | _aNo se publicó en 1926. | ||
| 650 | 1 | 7 |
_aArte _2embne _910068 |
| 650 | 4 |
_aColeccionistas y colecciones. _9135787 |
|
| 852 |
_aES-MaACL _jHEM-H-214 _xhem-1400 _d |
||
| 866 | 0 | _o1922-23(1924f.jul.-dic.)(1925).1927-28(1929f.jun.)(1930f.nov.-dic.)(1931). | |
| 999 |
_c677 _d677 |
||